[Event "III Duchamp Open 2019"]
[Site "Rio de Janeiro"]
[Date "2019.12.11"]
[Round "5.12"]
[White "Guimaraes, Diogo Duarte"]
[Black "Abrantes, Tiago Garrido"]
[Result "1/2-1/2"]
[WhiteElo "2322"]
[BlackElo "2159"]
[Annotator "TA"]
[PlyCount "136"]
[EventDate "2019.12.07"]
[EventType "swiss"]
[EventCountry "BRA"]
[SourceTitle "playchess.com"]
[Source "ChessBase"]
[SourceQuality "1"]

{[%evp 18,136,0,0,35,39,45,23,29,19,9,0,0,0,0,0,23,0,88,80,64,75,64,83,83,79,74,3,10,7,67,72,45,40,125,114,222,90,81,91,88,101,240,203,258,247,258,261,241,250,246,162,168,19,25,16,68,68,69,72,73,62,113,115,101,65,234,77,274,271,274,287,273,247,448,325,318,191,261,249,220,99,93,24,14,0,0,0,0,-8,-8,-14,-14,-14,-18,-18,-18,-47,-8,-8,-8,-8,0,-8,-8,-8,0,0,0,0,0,0,8,0,8,8,8,8,8,0,0]} 1. e4 e5 2. Nf3 Nc6 3. Bb5 a6 4. Ba4 Nf6 5. O-O Be7 6. d3 b5 7. Bb3 d6 8. a3 O-O 9. Nc3 Bg4 10. Be3 Nb8 {C84: Closed Ruy Lopez: Unusual White 6th moves} (10... Nd4 $5) (10... Nd4 11. Bxd4 exd4 12. Nd5 Nd7 13. h3 Bxf3 14. Qxf3 c6 15. Nf4 Nc5 16. Ba2 a5 17. Qg4 Kh8 18. Ne2 {1-0 (48) Caruana,F (2828)-Postny,E (2623) chess.com INT 2019}) 11. h3 Be6 $146 ({Predecessor:} 11... Bh5 12. a4 b4 13. Nd5 Nxd5 14. Bxd5 c6 15. Bb3 Nd7 16. Qd2 Kh8 17. Nh2 a5 18. f4 exf4 19. Bxf4 {½-½ (92) Ronge,T (2102)-Becker,D (2262) Nickenich 2018}) 12. Bxe6 fxe6 {White has an edge.} 13. d4 exd4 $1 14. Nxd4 Qd7 15. f4 c5 16. Nb3 $36 {[%mdl 2048] White has the initiative.} Qc7 17. f5 b4 (17... Nc6 $11) 18. axb4 $16 cxb4 19. Na4 Nc6 20. Nb6 Rab8 21. Rxa6 Qb7 22. Qa1 (22. Ra1 $16) 22... Nxe4 $11 23. fxe6 Rxf1+ (23... Ng3 $11 24. Rf7 Ne5) 24. Qxf1 $14 Rf8 25. Qb5 Ng3 ({Black should play} 25... Nc5 $14 26. Nxc5 dxc5) 26. Ra1 $16 Rf5 (26... h5 $16 27. Qd3 Ne5) 27. Qa6 (27. Qc4 $1 $18 Ne5 28. Qc8+ (28. Qxb4 Nf3+ 29. gxf3 Qxf3 30. Bf4 Rxf4 31. Qxf4 Ne2+ {[%mdl 64] Double Attack, Discovered Attack} 32. Kh2 Nxf4 33. Ra8+ Bf8 34. Rxf8+ {[%mdl 64] Remove Defender} Kxf8 35. e7+ Ke8 36. h4 Qg2#) 28... Qxc8 29. Nxc8) 27... Qxa6 28. Rxa6 h5 29. Nd2 $1 Ne5 (29... Nd4 $16 {might work better.}) 30. Nd5 Bh4 31. Ra8+ (31. Nxb4 Nc4 $16) 31... Rf8 32. Rxf8+ $1 Kxf8 33. Bf2 (33. Nxb4 $6 Ke7 $16) 33... Nf5 34. Bb6 ({Much less strong is} 34. Nxb4 $6 Bg5 $16) 34... Ne7 35. Nf4 ({White should try} 35. Nxb4 $18 Be1 36. Be3) 35... Bg5 $11 36. Be3 Nf5 (36... Bh6 $11) 37. Ng6+ $1 $14 Nxg6 38. Bxg5 {[%mdl 4096] Endgame KBN-KNN} Nd4 39. Ne4 d5 (39... Nxc2 $14 40. Nxd6 Nd4) 40. Nc5 $16 Nxc2 41. Kf2 Ke8 $2 (41... Nd4 $14) 42. Ke2 $2 (42. Na6 $1 $18) 42... Nf8 $2 (42... Nd4+ $16 43. Kd3 Nf5) 43. Kd3 $18 Ne1+ 44. Kd4 Nxg2 45. Kxd5 Ne1 $2 (45... Nh7 {keeps fighting.}) 46. Bd2 Ng2 47. Ke4 ({Don't do} 47. Bxb4 $6 Nf4+ 48. Kd6 Nxh3 $18) 47... b3 (47... Ke7 $142) 48. Ke5 Ng6+ {[#]} 49. Kd6 (49. Kf5 $1 $18 {[%cal Rf5g6] is the precise move to win.} N2h4+ 50. Kg5 Nf3+ 51. Kxg6 Nxd2 52. Kxh5 (52. Kxg7 Ke7 $16)) 49... N2f4 $16 {[#]} 50. Nxb3 ({Better is} 50. Bxf4 $1 $16 Nxf4 51. Nxb3 Nxh3 52. Nd4) 50... Nxh3 $11 51. Nd4 {Strongly threatening Nf5.} Nf2 52. Be1 Ne4+ 53. Kc6 Ne7+ 54. Kb7 g5 55. b4 $1 h4 56. Nf3 $1 h3 {Hoping for ...g4.} 57. Nh2 $1 Nf5 {aiming for ...Nd4.} 58. Kc6 {Black should prevent Kd5.The position is equal.} Ke7 59. Kd5 $1 {[%cal Rd5e4]} Ned6 60. Ke5 Ng7 61. b5 {Bb4 is the strong threat.} Nxb5 62. Bb4+ Ke8 63. Kf6 Nh5+ 64. Kxg5 Ng3 65. Ng4 {White threatens Nf6+ and mate.} Nc7 66. Nf6+ Kd8 67. e7+ Kc8 {And now ...h2 would win.} 68. Ng4 Kd7 {Accuracy: White = 43%, Black = 38%.} 1/2-1/2

[Event "III Duchamp Open 2019"]
[Site "Rio de Janeiro"]
[Date "2019.12.11"]
[Round "5.13"]
[White "Federzoni, Enzo"]
[Black "Aranha Filho, Alvaro Z."]
[Result "0-1"]
[WhiteElo "2138"]
[BlackElo "2304"]
[Annotator "TA"]
[PlyCount "130"]
[EventDate "2019.12.07"]
[EventType "swiss"]
[EventCountry "BRA"]
[SourceTitle "playchess.com"]
[Source "ChessBase"]
[SourceQuality "1"]

{[%evp 20,130,27,29,61,34,36,36,47,27,32,29,65,67,85,63,87,33,24,29,32,42,36,27,22,0,7,0,0,0,0,0,14,8,34,7,20,10,10,18,12,11,6,0,0,0,18,0,0,0,0,-15,0,0,0,0,0,-88,0,0,0,-83,-80,-302,-272,-295,-281,-377,-376,-371,-372,-384,-357,-408,-390,-422,-257,-499,-500,-521,-523,-526,-519,-502,-446,-451,-450,-434,-441,-448,-440,-580,-544,-611,-603,-575,-566,-1557,-910,-4722,-4614,-4614,-4606,-6019,-5972,-5409,-5057,-5114,-1689,-1547,-1350,-962,-962]} 1. e4 Nf6 2. e5 Nd5 3. d4 d6 4. Nf3 Bg4 5. exd6 exd6 6. Be2 Be7 7. O-O O-O 8. c4 Nb6 9. Nc3 Nc6 10. b3 Bf6 11. Be3 a5 {B05: Alekhine's Defence: 4 Nf3 Bg4} (11... d5 12. c5 Nc8 13. h3 Bxf3 14. Bxf3 N8e7 15. g4 g6 16. Bg2 Bg7 17. f4 f5 18. g5 Qd7 19. Qd2 Rae8 20. Bf2 Nd8 21. b4 {0-1 (34) Felgaer,R (2561)-Milos,G (2589) Sao Paulo 2009}) 12. Ne4 d5 13. Nxf6+ Qxf6 {White is slightly better.} 14. c5 Nc8 15. h3 Bh5 $146 ({Predecessor:} 15... Bxf3 16. Bxf3 N8e7 17. Qd2 h6 {½-½ (47) Pingin,A (2003)-Najdin,D (2289) Taganrog 2019}) 16. Qd2 Qd8 17. a3 N8e7 {[#]} 18. b4 ({White should play} 18. g4 $1 $16 {[%cal Rg4h5]} Bg6 19. b4) 18... Nf5 $14 19. b5 Nxe3 20. fxe3 Ne7 21. Bd3 Bg6 22. Ne5 Bxd3 $1 23. Qxd3 f6 24. Nf3 Qd7 25. a4 Rfe8 26. Rae1 Kh8 27. e4 dxe4 28. Rxe4 Nd5 29. Rfe1 Rxe4 30. Qxe4 Rd8 31. Qe2 Kg8 32. Nd2 Qf7 33. Nb3 b6 34. Qf3 Nb4 35. Re2 h6 36. Qe3 Kf8 37. Qg3 Kg8 (37... Nd5 {is interesting.} 38. Qf3 g5 39. g3 f5 40. Re5 f4) 38. Qf3 (38. Qe3 $11 {keeps the balance.}) 38... Nd5 39. Nd2 Nb4 40. Nb3 {[#]} Qc4 $1 41. Re7 $2 (41. cxb6 $17 cxb6 42. Re7) 41... Nd5 $19 {[%mdl 64] Discovered Attack} 42. Re4 Qxa4 43. cxb6 cxb6 44. Qd3 Qb4 45. Nd2 Nc3 46. Re3 Nxb5 47. d5 Qd4 48. Nc4 $2 (48. Qxd4 {was the only chance.} Nxd4 49. Nc4) 48... Rxd5 {Black is clearly winning.} 49. Qxd4 Rxd4 50. Nxb6 {[%mdl 4096] Endgame KRN-KRN} a4 {[%cal Ba5a4,Ba4a3][%mdl 32]} 51. Re8+ Kh7 52. Ra8 a3 53. Ra5 Rb4 54. Kh2 Nd4 55. Nd5 Rb5 56. Nxf6+ gxf6 57. Rxa3 {KRN-KR} Rb2 58. h4 Kg6 59. Rd3 Nf5 60. Kh3 h5 61. Ra3 Re2 62. Ra4 Rd2 63. Ra3 Rd4 {[%csl Gf5][%cal Rd4h4]} 64. g3 Re4 65. Kh2 Re2+ {Accuracy: White = 37%, Black = 70%.} 0-1

[Event "III Duchamp Open 2019"]
[Site "Rio de Janeiro"]
[Date "2019.12.10"]
[Round "5.14"]
[White "Gauche, Charles"]
[Black "Martinez, Ayelen"]
[Result "1-0"]
[WhiteElo "2248"]
[BlackElo "2139"]
[Annotator "TA"]
[PlyCount "101"]
[EventDate "2019.12.07"]
[EventType "swiss"]
[EventCountry "BRA"]
[SourceTitle "playchess.com"]
[Source "ChessBase"]
[SourceQuality "1"]

{[%evp 18,101,26,27,46,34,32,18,62,53,70,48,76,52,73,73,71,64,147,156,154,159,182,190,242,243,293,286,287,284,279,238,452,369,350,215,280,255,264,270,266,204,220,187,180,183,229,233,416,449,736,763,754,751,697,555,554,538,652,646,651,646,827,803,806,797,802,802,802,668,1008,889,866,716,1404,1185,1664,1775,1557,1477,2353,2140,12839,11856,12840,12838]} 1. e4 c5 2. Nf3 d6 3. Bb5+ Bd7 4. Bxd7+ Qxd7 5. c4 Nc6 6. Nc3 g6 7. d4 cxd4 8. Nxd4 Bg7 9. Be3 Nf6 10. f3 Rc8 {B52: Sicilian: Moscow Variation with 3...Bd7} (10... O-O 11. O-O a6 12. Na4 Rab8 13. Nxc6 Qxc6 14. Nb6 Nd7 15. Nxd7 Qxd7 16. Rf2 b5 17. c5 Qa7 18. Rc1 dxc5 19. Bxc5 Qc7 {1-0 (50) Caruana,F (2807)-Kasparov,G (2812) Saint Louis 2017}) 11. b3 O-O 12. Qd2 Ne8 {The position is equal.} 13. O-O Nc7 14. Rad1 Ne6 $146 ({Predecessor:} 14... Rfe8 15. Nde2 Red8 16. Nd5 Rb8 17. Rc1 b6 18. Bh6 Bh8 19. h3 Ne8 20. Bg5 {1-0 (61) Karas,B (2265)-Grinblat,D (2396) Kharkov 2002}) 15. Nxe6 Qxe6 16. Nd5 {[%cal Bc3d5,Bd5e3,Be3g4][%mdl 32]} Qe5 17. Rf2 f5 (17... Rfe8 $14) 18. exf5 $1 $16 Qxf5 {[#]} 19. Bxa7 $1 {[%mdl 512]} e6 {[#]} (19... Nxa7 20. Nxe7+) 20. Ne3 $1 {[%csl LRd6,LRf5][%cal Re3f5][%mdl 64] Discovered Attack} Qh5 {[#]} (20... Qf7 $142) 21. Bb6 $1 $18 Be5 22. Ng4 Bf4 23. Be3 Be5 24. b4 Ne7 $2 (24... Bg7 25. Qxd6 Rfe8) 25. c5 Nd5 26. Nxe5 dxe5 27. Re1 Qh4 28. a3 Ra8 29. Bg5 Qd4 30. Qc1 Qd3 31. Qb2 Qd4 32. Bc1 Nc3 $2 (32... Qxb2 {was worth a try.} 33. Bxb2 Kf7) 33. Be3 Qd3 (33... Qc4 $142 34. Rc2 Na4) 34. Rd2 Na4 35. Qxe5 Qf5 36. Bd4 {[%csl Gd4][%cal Re5g7]} Qxe5 37. Bxe5 Rac8 38. Rd7 {White threatens Rg7+ and mate.} Rf7 39. Red1 Rcf8 40. Rxf7 Rxf7 {[%mdl 4096] Endgame KRB-KRN} 41. Rd8+ Rf8 42. Rxf8+ Kxf8 {KB-KN} 43. Kf2 Ke8 44. Ke3 Kd7 45. Kd3 b6 46. cxb6 {b7 would kill now.} Nxb6 47. Bd4 Nd5 48. Kc4 Kd6 49. b5 Kc7 50. a4 {[%cal Ba3a4,Ba4a5][%mdl 32]} Kb7 51. a5 {Accuracy: White = 78%, Black = 31%.} 1-0

[Event "III Duchamp Open 2019"]
[Site "Rio de Janeiro"]
[Date "2019.12.10"]
[Round "5.15"]
[White "Pirola, Claudionor Alcides L"]
[Black "Fernandez, Maria Florencia"]
[Result "0-1"]
[WhiteElo "2106"]
[BlackElo "2241"]
[Annotator "RC"]
[PlyCount "74"]
[EventDate "2019.12.07"]
[EventType "swiss"]
[EventCountry "BRA"]
[SourceTitle "playchess.com"]
[Source "ChessBase"]
[SourceQuality "1"]
[TimeControl "40/5400+30:1800+30"]

1. e4 {[%emt 0:00:00]} c5 {[%emt 0:02:48]} 2. Nc3 {[%emt 0:00:00]} Nc6 {[%emt 0:00:06]} 3. Nf3 {[%emt 0:00:04]} e5 {[%emt 0:00:09]} 4. Bc4 {[%emt 0:00:55]} d6 {[%emt 0:00:53]} 5. d3 {[%emt 0:03:00]} Be7 {[%emt 0:00:04]} 6. a3 {[%emt 0:02:48]} Nf6 {[%emt 0:00:29]} 7. h3 {[%emt 0:00:17]} O-O {[%emt 0:00:51]} 8. O-O {[%emt 0:01:10]} Nd7 {[%emt 0:01:48]} 9. Nd5 {[%emt 0:02:51]} Nb6 {[%emt 0:07:14]} 10. Ba2 {[%emt 0:11:47]} Be6 11. c3 Bxd5 {[%emt 0:20:00]} 12. exd5 {[%emt 0:03:01]} Nb8 {[%emt 0:00:03]} 13. b4 {[%emt 0:12:46]} N8d7 {[%emt 0:02:17]} 14. bxc5 {[%emt 0:04:26]} Nxc5 {[%emt 0:01:23]} 15. Be3 {[%emt 0:07:52]} Rc8 {[%emt 0:08:49]} 16. Qd2 {[%emt 0:01:54]} Nba4 {[%emt 0:03:26]} 17. c4 {[%emt 0:11:01]} Bf6 {[%emt 0:17:37]} 18. d4 {[%emt 0:07:25]} exd4 {[%emt 0:01:53]} 19. Bxd4 {[%emt 0:00:29]} Ne4 {[%emt 0:03:31]} 20. Qf4 {[%emt 0:03:28]} Nac3 {[%emt 0:05:46]} 21. Rfe1 {[%emt 0:02:34]} Nxa2 {[%emt 0:04:47]} 22. Qxe4 {[%emt 0:02:22]} Nc3 {[%emt 0:01:33]} 23. Qe3 {[%emt 0:03:36]} Na4 {[%emt 0:00:56]} 24. Bxf6 {[%emt 0:00:22]} Qxf6 {[%emt 0:00:02]} 25. Qxa7 {[%emt 0:00:00]} Nc5 {[%emt 0:08:14]} 26. Qb6 {[%emt 0:00:17]} Nd3 {[%emt 0:00:10]} 27. Red1 {[%emt 0:01:58]} Nf4 {[%emt 0:02:01]} 28. Qb3 {[%emt 0:03:37]} Qg6 {[%emt 0:01:45]} 29. Ne1 {[%emt 0:02:59]} Rfe8 {[%emt 0:00:33]} 30. Qf3 {[%emt 0:00:54]} Rxc4 {[%emt 0:00:24]} 31. Nd3 {[%emt 0:01:05]} Ne2+ {[%emt 0:01:40]} 32. Kf1 {[%emt 0:01:21]} Rc3 {[%emt 0:02:58]} 33. Rd2 {[%emt 0:02:57]} Nd4 {[%emt 0:00:21]} 34. Qd1 {[%emt 0:04:48]} Nb3 {[%emt 0:00:22]} 35. Re2 {[%emt 0:00:15]} Rxe2 {[%emt 0:00:14]} 36. Nf4 {[%emt 0:00:16]} Rxf2+ {[%emt 0:01:49]} 37. Kxf2 {[%emt 0:02:15]} Qg3+ {[%emt 0:00:05]} 0-1

[Event "III Duchamp Open 2019"]
[Site "Rio de Janeiro"]
[Date "2019.12.10"]
[Round "5.16"]
[White "Labussiere, Victor"]
[Black "Silva, Kaua Marques"]
[Result "1-0"]
[WhiteElo "2295"]
[BlackElo "2082"]
[Annotator "TA"]
[PlyCount "46"]
[EventDate "2019.12.07"]
[EventType "swiss"]
[EventCountry "BRA"]
[SourceTitle "playchess.com"]
[Source "ChessBase"]
[SourceQuality "1"]

{[%evp 17,46,68,59,64,64,60,55,52,63,40,50,31,60,50,52,42,34,0,0,0,0,0,0,0,0,0,0,-75,0,0,542]} 1. Nf3 c5 2. e4 Nc6 3. Bb5 g6 4. O-O Bg7 5. Re1 Nf6 6. e5 Ng4 7. Bxc6 bxc6 8. h3 Nh6 9. Nc3 O-O 10. d3 {B31: Sicilian: 2...Nc6 3 Bb5 g6} Nf5 11. Ne4 Qb6 12. Rb1 {White is slightly better.} (12. c4 Nd4 13. Nxd4 cxd4 14. c5 Qb8 15. f4 Ba6 16. Qc2 h6 17. b3 Qb5 {½-½ (44) Quparadze,G (2493)-Pantsulaia,L (2611) Tbilisi 2019}) 12... d5 13. Nc3 $146 (13. exd6 $5 exd6 14. Bg5 $11) ({Predecessor:} 13. exd6 exd6 14. g4 {½-½ (33) Day,A-Pomeroy,A Dunedin 1975}) 13... Nd4 14. b3 f6 15. Nxd4 cxd4 16. Na4 Qc7 17. exf6 Bxf6 18. Bh6 Rf7 19. Qd2 c5 20. Bf4 e5 21. Bg3 Bd7 22. f4 {[#]} (22. Nb2 $11) 22... Bxa4 ({Black should try} 22... e4 $1 $17 {[%mdl 512] Strongly threatening ...Re8.} 23. dxe4 dxe4 24. Rxe4 Bf5) 23. fxe5 Bxe5 $2 {[%mdl 8192] Accuracy: White = 82%, Black = 55%.} (23... Bc6 $11 {and Black is okay.} 24. Kh2 {[#]} Bxe5 $1 {[%mdl 512]} 25. Rxe5 Qd8) 1-0

[Event "III Duchamp Open 2019"]
[Site "Rio de Janeiro"]
[Date "2019.12.11"]
[Round "6.1"]
[White "Di Berardino, Diego Rafael"]
[Black "Martinez Alcantara, Jose Eduardo"]
[Result "0-1"]
[WhiteElo "2489"]
[BlackElo "2592"]
[Annotator "ChessBase"]
[PlyCount "74"]
[EventDate "2019.12.07"]
[EventType "swiss"]
[EventCountry "BRA"]
[SourceTitle "playchess.com"]
[Source "ChessBase"]
[SourceQuality "1"]
[TimeControl "40/5400+30:1800+30"]

1. Nf3 {[%emt 0:00:19]} c5 {[%emt 0:02:18]} 2. c4 {[%emt 0:00:31]} Nf6 {[%emt 0:00:05]} 3. Nc3 {[%emt 0:00:18]} Nc6 {[%emt 0:01:09]} 4. e3 {[%emt 0:01:30]} d5 {[%emt 0:03:13]} 5. cxd5 {[%emt 0:00:04]} Nxd5 {[%emt 0:00:04]} 6. d4 {[%emt 0:01:39]} e6 {[%emt 0:05:31]} 7. Bc4 {[%emt 0:04:07]} cxd4 {[%emt 0:02:53]} 8. exd4 {[%emt 0:00:17]} Be7 {[%emt 0:00:02]} 9. O-O {[%emt 0:00:19]} O-O {[%emt 0:00:05]} 10. Re1 {[%emt 0:00:33]} a6 {[%emt 0:00:28]} 11. Bb3 {[%emt 0:02:07]} b5 {[%emt 0:12:05]} 12. Ne4 {[%emt 0:13:06]} Bb7 {[%emt 0:03:39]} 13. Bg5 {[%emt 0:03:53]} Rc8 {[%emt 0:07:30]} 14. Rc1 {[%emt 0:11:52]} Rc7 {[%emt 0:01:53]} 15. Bxd5 {[%emt 0:18:47]} Qxd5 {[%emt 0:06:31]} 16. Bxe7 {[%emt 0:00:06]} Rxe7 {[%emt 0:00:05]} 17. Rc5 {[%emt 0:02:28]} Qd8 {[%emt 0:03:42]} 18. Neg5 {[%emt 0:01:34]} h6 {[%emt 0:06:35]} 19. d5 {[%emt 0:12:46]} exd5 {[%emt 0:01:59]} 20. Rxd5 {[%emt 0:00:24]} Rxe1+ {[%emt 0:00:08]} 21. Nxe1 {[%emt 0:00:03]} Qf6 {[%emt 0:05:48]} 22. Ne4 {[%emt 0:01:11]} Qxb2 {[%emt 0:00:55]} 23. Nd3 {[%emt 0:01:14]} Qxa2 {[%emt 0:02:15]} 24. Ndc5 {[%emt 0:00:27]} Bc8 {[%emt 0:00:38]} 25. h3 {[%emt 0:00:05]} Qa5 {[%emt 0:04:03]} 26. Rd6 {[%emt 0:07:38]} Ne5 {[%emt 0:03:51]} 27. Qd4 {[%emt 0:04:52]} Re8 {[%emt 0:04:52]} 28. f4 {[%emt 0:08:33]} Ng6 {[%emt 0:00:43]} 29. Ng3 {[%emt 0:00:14]} Nh4 {[%emt 0:02:30]} 30. Qd5 {[%emt 0:02:43]} Qc3 {[%emt 0:05:10]} 31. Kh2 {[%emt 0:00:04]} Qc4 {[%emt 0:08:21]} 32. Qc6 {[%emt 0:01:10]} Rf8 {[%emt 0:01:06]} 33. Nge4 {[%emt 0:00:46]} Ng6 {[%emt 0:01:13]} 34. Qc7 {[%emt 0:00:39]} Bf5 {[%emt 0:01:23]} 35. Ng3 {[%emt 0:00:03]} Qxf4 {[%emt 0:00:40]} 36. Nxa6 {[%emt 0:00:07]} Bxh3 {[%emt 0:02:15]} 37. Rd3 {[%emt 0:01:13]} Bc8 {[%emt 0:00:39]} 0-1

[Event "III Duchamp Open 2019"]
[Site "Rio de Janeiro"]
[Date "2019.12.11"]
[Round "6.2"]
[White "Cruz, Cristhian"]
[Black "Vazquez, Guillermo"]
[Result "1-0"]
[WhiteElo "2562"]
[BlackElo "2506"]
[Annotator "ChessBase"]
[PlyCount "133"]
[EventDate "2019.12.07"]
[EventType "swiss"]
[EventCountry "BRA"]
[SourceTitle "playchess.com"]
[Source "ChessBase"]
[SourceQuality "1"]
[TimeControl "40/5400+30:1800+30"]

1. c4 {[%emt 0:03:05]} e6 {[%emt 0:00:06]} 2. Nf3 {[%emt 0:01:21]} d5 {[%emt 0:00:52]} 3. d4 {[%emt 0:00:33]} Nf6 {[%emt 0:00:45]} 4. g3 {[%emt 0:00:41]} dxc4 {[%emt 0:01:42]} 5. Bg2 {[%emt 0:00:29]} Nc6 {[%emt 0:00:20]} 6. Qa4 {[%emt 0:00:14]} Bb4+ {[%emt 0:00:28]} 7. Bd2 {[%emt 0:00:09]} Nd5 {[%emt 0:00:46]} 8. Bxb4 {[%emt 0:03:48]} Ndxb4 {[%emt 0:00:05]} 9. Nc3 {[%emt 0:00:58]} Bd7 {[%emt 0:02:15]} 10. O-O {[%emt 0:01:05]} a5 {[%emt 0:00:48]} 11. Qd1 {[%emt 0:01:45]} O-O {[%emt 0:02:20]} 12. Nd2 {[%emt 0:00:22]} Nxd4 {[%emt 0:08:02]} 13. Bxb7 {[%emt 0:00:35]} Rb8 {[%emt 0:00:43]} 14. Bg2 {[%emt 0:00:10]} Nd5 {[%emt 0:16:16]} 15. Nxc4 {[%emt 0:13:46]} Nxc3 {[%emt 0:00:25]} 16. bxc3 {[%emt 0:00:03]} Bb5 {[%emt 0:00:10]} 17. cxd4 {[%emt 0:00:11]} Bxc4 {[%emt 0:00:06]} 18. Qc2 {[%emt 0:01:22]} Rb4 {[%emt 0:08:01]} 19. a3 {[%emt 0:05:33]} Bb3 {[%emt 0:00:58]} 20. Qd3 {[%emt 0:00:58]} Rb6 {[%emt 0:08:45]} 21. Rac1 {[%emt 0:03:07]} Bd5 {[%emt 0:07:53]} 22. Bxd5 {[%emt 0:06:31]} Qxd5 {[%emt 0:02:22]} 23. Rxc7 {[%emt 0:01:45]} Rb3 {[%emt 0:01:11]} 24. Rc3 {[%emt 0:00:30]} a4 {[%emt 0:01:17]} 25. Rfc1 {[%emt 0:07:14]} g6 {[%emt 0:05:27]} 26. Rxb3 {[%emt 0:04:39]} axb3 {[%emt 0:00:53]} 27. Rc5 {[%emt 0:00:45]} Qd6 {[%emt 0:01:08]} 28. Qxb3 {[%emt 0:01:28]} Qxd4 {[%emt 0:00:04]} 29. Qc4 {[%emt 0:02:10]} Qa1+ {[%emt 0:02:50]} 30. Qc1 {[%emt 0:00:11]} Qa2 {[%emt 0:00:33]} 31. Rc2 {[%emt 0:01:31]} Qb3 {[%emt 0:03:14]} 32. Rc8 {[%emt 0:03:10]} Rxc8 {[%emt 0:00:38]} 33. Qxc8+ {[%emt 0:00:06]} Kg7 {[%emt 0:00:03]} 34. Qa6 {[%emt 0:05:47]} Qd1+ {[%emt 0:04:58]} 35. Kg2 {[%emt 0:00:27]} Qd5+ {[%emt 0:00:07]} 36. f3 {[%emt 0:00:51]} e5 {[%emt 0:00:13]} 37. Qd3 {[%emt 0:02:49]} Qa2 {[%emt 0:01:18]} 38. Kf2 {[%emt 0:06:50]} Qa1 {[%emt 0:01:28]} 39. Qd6 {[%emt 0:01:15]} g5 {[%emt 0:09:08]} 40. Kg2 {[%emt 0:07:03]} h6 {[%emt 0:05:42]} 41. Qa6 {[%emt 0:38:06]} Qb1 {[%emt 0:34:52]} 42. Qc4 {[%emt 0:00:43]} h5 {[%emt 0:00:00]} 43. a4 {[%emt 0:00:00]} Qa1 {[%emt 0:00:00]} 44. h4 {[%emt 0:00:00]} gxh4 {[%emt 0:00:00]} 45. Qxh4 {[%emt 0:00:00]} f6 {[%emt 0:00:00]} 46. Qc4 {[%emt 0:00:00]} Qe1 {[%emt 0:00:00]} 47. Qb5 {[%emt 0:00:00]} h4 {[%emt 0:00:00]} 48. gxh4 {[%emt 0:00:00]} Qxh4 {[%emt 0:00:00]} 49. a5 {[%emt 0:00:00]} Qg5+ {[%emt 0:00:00]} 50. Kf1 {[%emt 0:00:00]} Qh4 {[%emt 0:00:00]} 51. Qd7+ {[%emt 0:00:00]} Kh6 {[%emt 0:00:00]} 52. Qg4 {[%emt 0:00:00]} Qh1+ {[%emt 0:00:00]} 53. Kf2 {[%emt 0:00:00]} Qa1 {[%emt 0:00:00]} 54. Qb4 {[%emt 0:00:23]} Kg6 {[%emt 0:00:00]} 55. Kg2 {[%emt 0:01:12]} Kg5 {[%emt 0:01:37]} 56. Qb6 {[%emt 0:03:14]} e4 {[%emt 0:01:48]} 57. Qe3+ {[%emt 0:00:42]} Kh5 {[%emt 0:00:08]} 58. Qc5+ {[%emt 0:00:06]} Kg6 {[%emt 0:00:52]} 59. fxe4 {[%emt 0:00:17]} Qa4 {[%emt 0:02:31]} 60. Qd5 {[%emt 0:02:15]} Qa1 {[%emt 0:00:30]} 61. Qb5 {[%emt 0:00:57]} Kh6 {[%emt 0:00:18]} 62. a6 {[%emt 0:00:24]} Qa2 {[%emt 0:00:13]} 63. Kf2 {[%emt 0:01:04]} Qd2 {[%emt 0:00:11]} 64. Qd3 {[%emt 0:01:20]} Qa5 {[%emt 0:00:45]} 65. Qe3+ {[%emt 0:00:18]} Kg6 {[%emt 0:00:14]} 66. a7 {[%emt 0:00:22]} Qa4 {[%emt 0:01:31]} 67. e5 {[%emt 0:02:37]} 1-0

[Event "III Duchamp Open 2019"]
[Site "Rio de Janeiro"]
[Date "2019.12.11"]
[Round "6.3"]
[White "Supi, Luis Paulo"]
[Black "Gauche, Charles"]
[Result "1-0"]
[WhiteElo "2578"]
[BlackElo "2248"]
[Annotator "ChessBase"]
[PlyCount "75"]
[EventDate "2019.12.07"]
[EventType "swiss"]
[EventCountry "BRA"]
[SourceTitle "playchess.com"]
[Source "ChessBase"]
[SourceQuality "1"]
[TimeControl "40/5400+30:1800+30"]

1. c4 {[%emt 0:00:00]} e5 {[%emt 0:11:31]} 2. g3 {[%emt 0:00:00]} Nf6 {[%emt 0:00:15]} 3. Bg2 {[%emt 0:00:00]} Nc6 {[%emt 0:00:28]} 4. Nf3 {[%emt 0:01:23]} d5 {[%emt 0:01:45]} 5. cxd5 {[%emt 0:00:05]} Nxd5 {[%emt 0:00:05]} 6. O-O {[%emt 0:00:05]} Nb6 {[%emt 0:00:14]} 7. d3 {[%emt 0:00:26]} Be7 {[%emt 0:01:03]} 8. a3 {[%emt 0:00:04]} a5 {[%emt 0:00:30]} 9. Nc3 {[%emt 0:00:50]} O-O {[%emt 0:01:38]} 10. Be3 {[%emt 0:00:32]} Be6 {[%emt 0:01:56]} 11. Rc1 {[%emt 0:02:33]} Nd5 {[%emt 0:01:12]} 12. Nxd5 {[%emt 0:00:23]} Bxd5 {[%emt 0:00:13]} 13. Qa4 {[%emt 0:00:25]} Bf6 {[%emt 0:07:34]} 14. Rc5 {[%emt 0:13:45]} Ra6 {[%emt 0:23:47]} 15. Rfc1 {[%emt 0:01:27]} Be6 {[%emt 0:02:09]} 16. Nd2 {[%emt 0:11:30]} Bd7 {[%emt 0:00:33]} 17. Qd1 {[%emt 0:04:57]} Be7 {[%emt 0:05:36]} 18. R5c3 {[%emt 0:03:09]} a4 {[%emt 0:05:24]} 19. Bc5 {[%emt 0:04:24]} Bd6 {[%emt 0:00:24]} 20. e3 {[%emt 0:12:58]} Qe7 {[%emt 0:02:14]} 21. Bxd6 {[%emt 0:02:51]} cxd6 {[%emt 0:00:33]} 22. b4 {[%emt 0:01:43]} axb3 {[%emt 0:01:40]} 23. Qxb3 {[%emt 0:00:23]} Ra7 {[%emt 0:00:41]} 24. Qb2 {[%emt 0:04:24]} h6 {[%emt 0:05:35]} 25. Nc4 {[%emt 0:01:28]} Rd8 {[%emt 0:05:00]} 26. Nb6 {[%emt 0:00:51]} Be6 {[%emt 0:00:12]} 27. Nd5 {[%emt 0:01:35]} Qd7 {[%emt 0:01:17]} 28. Rb3 {[%emt 0:02:09]} f5 {[%emt 0:01:45]} 29. Rb1 {[%emt 0:05:35]} Rb8 {[%emt 0:00:49]} 30. Rb5 {[%emt 0:03:11]} Qf7 {[%emt 0:00:42]} 31. Nc3 {[%emt 0:01:49]} Nd8 {[%emt 0:02:53]} 32. Rb6 {[%emt 0:03:11]} Qc7 {[%emt 0:02:55]} 33. Nd5 {[%emt 0:01:15]} Qc5 {[%emt 0:00:34]} 34. Ra1 {[%emt 0:02:37]} Ra4 {[%emt 0:04:03]} 35. h3 {[%emt 0:05:07]} Rba8 {[%emt 0:00:22]} 36. Rb5 {[%emt 0:00:49]} Qa7 {[%emt 0:00:43]} 37. Nb6 {[%emt 0:00:29]} Rxa3 {[%emt 0:00:11]} 38. Rxa3 {[%emt 0:00:01]} 1-0